[Event "9th European team championship"]
[Site "Haifa"]
[Date "1989.??.??"]
[Round "1"]
[White "Meulders, Richard"]
[Black "Donchev, Dimitar Ivanov"]
[Result "0-1"]
[WhiteElo "2330"]
[WhiteTitle "FM"]
[WhiteTeam "Belgium"]
[BlackElo "2520"]
[BlackTitle "IM"]
[BlackTeam "Bulgaria"]
[Board "2"]
[Source "OlimpBase"]
[EventDate "1989.12.03"]
[PlyCount "76"]

1. d4 Nf6 2. c4 g6 3. Nc3 d5 4. Bg5 Ne4 5. cxd5 Nxc3 6. bxc3 Qxd5 7. Nf3 Bg7
8. e3 c5 9. Bb5+ Bd7 10. Bxd7+ Qxd7 11. O-O cxd4 12. cxd4 Nc6 13. Rb1 O-O
14. d5 Ne5 15. Nxe5 Bxe5 16. f4 Bg7 17. Qb3 b6 18. e4 Rac8 19. Rbc1 Rxc1
20. Rxc1 Rc8 21. Rc4 h6 22. Bh4 b5 23. Rc2 Qg4 24. Rxc8+ Qxc8 25. Qxb5 Qc1+
26. Qf1 Bd4+ 27. Bf2 Bxf2+ 28. Kxf2 Qxf4+ 29. Kg1 Qxe4 30. Qd1 a5 31. h3 a4
32. d6 exd6 33. Qxd6 Qb1+ 34. Kh2 Qxa2 35. h4 h5 36. Qb8+ Kh7 37. Qb4 a3
38. Qc3 Qb2 0-1

[Event "9th European team championship"]
[Site "Haifa"]
[Date "1989.??.??"]
[Round "1"]
[White "Geenen, Marc"]
[Black "Ermenkov, Evgenij Petkov"]
[Result "1/2-1/2"]
[WhiteElo "2290"]
[WhiteTitle "FM"]
[WhiteTeam "Belgium"]
[BlackElo "2500"]
[BlackTitle "GM"]
[BlackTeam "Bulgaria"]
[Board "4"]
[Source "OlimpBase"]
[EventDate "1989.12.03"]
[PlyCount "59"]

1. e4 c5 2. Nf3 d6 3. d4 cxd4 4. Nxd4 Nf6 5. Nc3 a6 6. Bg5 Nc6 7. Qd2 Bd7
8. O-O-O b5 9. Nxc6 Bxc6 10. Qe3 Qb8 11. Be2 Qa7 12. Qf4 e5 13. Qh4 Be7
14. Bxf6 Bxf6 15. Qg3 Ke7 16. Nd5+ Bxd5 17. Rxd5 Rhc8 18. Rhd1 Rc6 19. c3 Rb8
20. Kb1 Rbb6 21. Qd3 Qc7 22. Rc1 Rc5 23. Bd1 Bg5 24. Rc2 Rbc6 25. Re2 h6 26. a3
a5 27. Rxc5 Rxc5 28. Bb3 Qb6 29. Rc2 g6 30. Qf3 1/2-1/2

[Event "9th European team championship"]
[Site "Haifa"]
[Date "1989.??.??"]
[Round "1"]
[White "Georgiev, Krum Ivanov"]
[Black "Pergericht, Daniel"]
[Result "1-0"]
[WhiteElo "2480"]
[WhiteTitle "GM"]
[WhiteTeam "Bulgaria"]
[BlackElo "2325"]
[BlackTitle "FM"]
[BlackTeam "Belgium"]
[Board "5"]
[Source "OlimpBase"]
[EventDate "1989.12.03"]
[PlyCount "74"]

1. e4 e5 2. Nf3 Nf6 3. Nxe5 d6 4. Nf3 Qe7 5. Qe2 Nxe4 6. d3 Nf6 7. Bg5 Qxe2+
8. Bxe2 Be7 9. Nc3 c6 10. O-O-O Na6 11. Rhe1 Nc7 12. Ne4 Nxe4 13. dxe4 Ne6
14. Be3 b6 15. Nd2 Bb7 16. f4 O-O 17. Bf3 Rfe8 18. g3 Rad8 19. h4 Bf8 20. Bh1
Nc7 21. f5 Na6 22. Bf4 Nc5 23. Nb3 Nxb3+ 24. axb3 c5 25. g4 Bc6 26. Re3 a5
27. Bf3 Rd7 28. g5 Rdd8 29. h5 Rd7 30. e5 d5 31. c4 Red8 32. Red3 Bb7 33. cxd5
c4 34. bxc4 Rc8 35. b3 a4 36. e6 Rdd8 37. Kb2 axb3 1-0

[Event "9th European team championship"]
[Site "Haifa"]
[Date "1989.??.??"]
[Round "1"]
[White "Goormachtigh, Johan"]
[Black "Velikov, Petar Vasilev"]
[Result "0-1"]
[WhiteElo "2300"]
[WhiteTitle "FM"]
[WhiteTeam "Belgium"]
[BlackElo "2480"]
[BlackTitle "GM"]
[BlackTeam "Bulgaria"]
[Board "6"]
[Source "OlimpBase"]
[EventDate "1989.12.03"]
[PlyCount "71"]

1. d4 d5 2. c4 dxc4 3. Nf3 Nf6 4. Nc3 Nd5 5. Qa4+ Nc6 6. Qxc4 Nb6 7. Qd3 e5
8. dxe5 Qxd3 9. exd3 Nb4 10. Kd1 Bf5 11. Ne1 O-O-O 12. a3 Nc6 13. f4 Bc5
14. Nf3 Nc4 15. Kc2 Ne3+ 16. Bxe3 Bxe3 17. g3 Bg4 18. Ng5 Nd4+ 19. Kb1 Rhf8
20. Nd1 Bd2 21. Nf2 Bf5 22. Bh3 Bxh3 23. Nfxh3 f6 24. exf6 gxf6 25. Ne4 Ba5
26. b4 Bb6 27. Ra2 f5 28. Nc3 Rfe8 29. Na4 Nb5 30. Nxb6+ axb6 31. Rd2 Nxa3+
32. Kc1 Rd4 33. Kb2 Nb5 34. Kb3 Kd7 35. Ng5 Ra8 36. Nxh7 0-1

[Event "9th European team championship"]
[Site "Haifa"]
[Date "1989.??.??"]
[Round "2"]
[White "Winants, Luc"]
[Black "Shvidler, Eliahu"]
[Result "1-0"]
[WhiteElo "2425"]
[WhiteTitle "IM"]
[WhiteTeam "Belgium"]
[BlackElo "2400"]
[BlackTitle "IM"]
[BlackTeam "Israel B"]
[Board "1"]
[Source "OlimpBase"]
[EventDate "1989.12.03"]
[PlyCount "125"]

1. d4 d5 2. c4 dxc4 3. e3 Nf6 4. Bxc4 g6 5. Qb3 e6 6. Nf3 Bg7 7. Qa3 Qd6 8. b3
Nbd7 9. Qxd6 cxd6 10. Ba3 Bf8 11. Nbd2 Nb6 12. Bd3 Bd7 13. Rc1 Bc6 14. O-O Be7
15. e4 d5 16. Bxe7 Kxe7 17. e5 Ne8 18. Ne1 Ng7 19. Nc2 Rhc8 20. Ne3 Rc7 21. Rc3
Rac8 22. Rfc1 Na8 23. f4 h5 24. Kf2 Bd7 25. Rxc7 Rxc7 26. Rxc7 Nxc7 27. Nf3 a5
28. Ke1 Nb5 29. Kd2 Na3 30. Be2 b5 31. b4 axb4 32. Nc2 b3 33. axb3 Nxc2
34. Kxc2 b4 35. Bd3 Ne8 36. Be2 Nc7 37. Ne1 Bb5 38. Kd2 Be8 39. Ke3 Bb5 40. Bd1
Bf1 41. Kf2 Bb5 42. Nc2 Na6 43. Be2 Bxe2 44. Kxe2 f6 45. Kf3 Kf7 46. exf6 Kxf6
47. g3 Ke7 48. h3 Kf6 49. g4 hxg4+ 50. hxg4 Kf7 51. Kg3 Ke7 52. Kg2 Kf6 53. Kf2
Kf7 54. Kf3 Kf6 55. Ke3 Kf7 56. Ne1 Nb8 57. Nd3 Nc6 58. Ne5+ Nxe5 59. dxe5 g5
60. f5 exf5 61. gxf5 Ke7 62. Kd4 g4 63. Ke3 1-0

[Event "9th European team championship"]
[Site "Haifa"]
[Date "1989.??.??"]
[Round "2"]
[White "Brouk, Ofer"]
[Black "Meulders, Richard"]
[Result "1-0"]
[WhiteElo "2430"]
[WhiteTitle "IM"]
[WhiteTeam "Israel B"]
[BlackElo "2330"]
[BlackTitle "FM"]
[BlackTeam "Belgium"]
[Board "2"]
[Source "OlimpBase"]
[EventDate "1989.12.03"]
[PlyCount "97"]

1. d4 f5 2. c4 Nf6 3. g3 g6 4. Bg2 Bg7 5. Nf3 d6 6. O-O O-O 7. Nc3 Nc6 8. d5
Ne5 9. Nd2 c5 10. dxc6 Nxc6 11. b3 f4 12. Bb2 Nh5 13. Nf3 Bg4 14. Qd2 Qd7
15. Rad1 fxg3 16. hxg3 Bh3 17. Nd5 Bxb2 18. Qxb2 Bxg2 19. Kxg2 e6 20. Ne3 Qe7
21. Ng4 e5 22. Qd2 Rad8 23. Rh1 Qe6 24. Qd5 Qxd5 25. Rxd5 Nf6 26. Nxf6+ Rxf6
27. Ng5 Rf5 28. Ne4 Rdf8 29. Rxd6 Nd4 30. e3 Nc6 31. g4 R5f7 32. g5 Rg7
33. Nf6+ Kh8 34. Rhd1 Rgf7 35. R1d2 h6 36. Nd7 Re8 37. Rxg6 hxg5 38. Nf6 Ne7
39. Rh6+ Kg7 40. Nxe8+ Kxh6 41. Rd7 Kg6 42. Nd6 Rg7 43. Rxb7 Nc6 44. Rxg7+ Kxg7
45. Kf3 Kf6 46. Kg4 Nb4 47. Ne4+ Ke7 48. a3 Nc2 49. Kxg5 1-0

[Event "9th European team championship"]
[Site "Haifa"]
[Date "1989.??.??"]
[Round "2"]
[White "Dutreeuw, Marc"]
[Black "Ben Menachem, Itzhak"]
[Result "1/2-1/2"]
[WhiteElo "2400"]
[WhiteTitle "FM"]
[WhiteTeam "Belgium"]
[BlackElo "2285"]
[BlackTeam "Israel B"]
[Board "3"]
[Source "OlimpBase"]
[EventDate "1989.12.03"]
[PlyCount "91"]

1. e4 e5 2. Nf3 Nc6 3. Bb5 g6 4. d4 exd4 5. Nxd4 Bg7 6. Be3 Nge7 7. Nc3 O-O
8. Qd2 d5 9. O-O-O dxe4 10. Nxe4 Ne5 11. Qe2 Nd5 12. Nf3 Nxf3 13. Qxf3 c6
14. Bc4 Be6 15. Bd4 Qh4 16. Bxg7 Kxg7 17. Rd2 Rad8 18. h3 Qf4 19. Qxf4 Nxf4
20. Bxe6 Rxd2 21. Nxd2 Nxe6 22. Nc4 Rd8 23. Rd1 Kf6 24. Na5 Rxd1+ 25. Kxd1 Nd8
26. Kd2 Ke5 27. Kd3 b6 28. Nc4+ Kd5 29. Ne3+ Ke5 30. g3 Ne6 31. f4+ Kd6
32. Nc4+ Kd5 33. Ne3+ Kd6 34. b4 f5 35. Nc4+ Kd5 36. Ne5 b5 37. Nd7 Kd6 38. Ne5
Kd5 39. c4+ bxc4+ 40. Nxc4 Ng7 41. Ne3+ Kd6 42. g4 Ne6 43. Nc4+ Kd5 44. Ne3+
Kd6 45. Nc4+ Kd5 46. Ne3+ 1/2-1/2

[Event "9th European team championship"]
[Site "Haifa"]
[Date "1989.??.??"]
[Round "2"]
[White "Liss, Eran"]
[Black "Geenen, Marc"]
[Result "1/2-1/2"]
[WhiteElo "2330"]
[WhiteTeam "Israel B"]
[BlackElo "2290"]
[BlackTitle "FM"]
[BlackTeam "Belgium"]
[Board "4"]
[Source "OlimpBase"]
[EventDate "1989.12.03"]
[PlyCount "38"]

1. e4 e5 2. Nf3 Nc6 3. Bb5 a6 4. Ba4 d6 5. Bxc6+ bxc6 6. d4 exd4 7. Nxd4 c5
8. Ne2 Bb7 9. Nbc3 g6 10. O-O Bg7 11. f3 Ne7 12. Bg5 h6 13. Be3 O-O 14. Qe1 f5
15. Nf4 Bc8 16. Rd1 Qe8 17. Rf2 Rb8 18. Re2 Qd7 19. Bc1 g5 1/2-1/2

[Event "9th European team championship"]
[Site "Haifa"]
[Date "1989.??.??"]
[Round "2"]
[White "Pergericht, Daniel"]
[Black "Kogan, Artur"]
[Result "0-1"]
[WhiteElo "2325"]
[WhiteTitle "FM"]
[WhiteTeam "Belgium"]
[BlackElo "2235"]
[BlackTeam "Israel B"]
[Board "5"]
[Source "OlimpBase"]
[EventDate "1989.12.03"]
[PlyCount "114"]

1. d4 Nf6 2. c4 e6 3. g3 Bb4+ 4. Bd2 Be7 5. Bg2 d5 6. Nf3 O-O 7. O-O c6 8. Qc2
Nbd7 9. Bf4 Nh5 10. Bc1 f5 11. b3 Bd6 12. Ba3 Qe7 13. Qb2 b5 14. Ne5 Bxa3
15. Qxa3 Qxa3 16. Nxa3 Nxe5 17. dxe5 bxc4 18. bxc4 Ba6 19. Bf3 g6 20. c5 Ng7
21. Nc2 h5 22. Rfb1 Rac8 23. Nd4 f4 24. Rb4 Rc7 25. Rab1 fxg3 26. hxg3 Kf7
27. R1b2 Nf5 28. Nc2 Ke7 29. R4b3 Rd8 30. Ra3 Bb5 31. Ra5 d4 32. Nb4 Kd7 33. a4
Bc4 34. Nxc6 Rdc8 35. Rxa7 Rxa7 36. Nxa7 Rxc5 37. Rb7+ Ke8 38. Nb5 Rxe5
39. Nc7+ Kd8 40. Nb5 Bxe2 41. Rb8+ Kd7 42. Rb7+ Ke8 43. Rb8+ Ke7 44. Rb7+ Kf6
45. Bc6 Rc5 46. Be4 Ke5 47. f3 Nxg3 48. Bxg6 Bxf3 49. Rh7 Be4 50. Bxe4 Kxe4
51. Kf2 Nf5 52. Rxh5 Rc2+ 53. Ke1 d3 54. Rh3 Re2+ 55. Kf1 Ne3+ 56. Kg1 Re1+
57. Kh2 d2 0-1

[Event "9th European team championship"]
[Site "Haifa"]
[Date "1989.??.??"]
[Round "2"]
[White "Shemer, Yonatan"]
[Black "Vanderwaeren, Serge"]
[Result "0-1"]
[WhiteElo "2290"]
[WhiteTeam "Israel B"]
[BlackElo "2335"]
[BlackTeam "Belgium"]
[Board "6"]
[Source "OlimpBase"]
[EventDate "1989.12.03"]
[PlyCount "52"]

1. d4 Nf6 2. Nf3 b5 3. Bg5 Bb7 4. Bxf6 gxf6 5. Qd3 c5 6. dxc5 a6 7. b4 Nc6
8. c3 a5 9. Nd4 axb4 10. Nxc6 Bxc6 11. cxb4 Ra4 12. Qd2 Bg7 13. a3 Qa8 14. f3
O-O 15. e3 f5 16. Ra2 d6 17. cxd6 Rd8 18. Bd3 Rxd6 19. O-O Bd5 20. Bxf5 Bb3
21. Qf2 Bxa2 22. Qxa2 Rxb4 23. Bxh7+ Kf8 24. Qc2 Rc4 25. Qf5 Qc6 26. h4 Rxh4
0-1

[Event "9th European team championship"]
[Site "Haifa"]
[Date "1989.??.??"]
[Round "3"]
[White "Davies, Nigel Rodney"]
[Black "Winants, Luc"]
[Result "1/2-1/2"]
[WhiteElo "2470"]
[WhiteTitle "IM"]
[WhiteTeam "Wales"]
[BlackElo "2425"]
[BlackTitle "IM"]
[BlackTeam "Belgium"]
[Board "1"]
[Source "OlimpBase"]
[EventDate "1989.12.03"]
[PlyCount "20"]

1. d4 Nf6 2. Nf3 b6 3. g3 Bb7 4. c4 e6 5. Bg2 Bb4+ 6. Bd2 Bxd2+ 7. Qxd2 O-O
8. Nc3 d6 9. O-O Ne4 10. Nxe4 Bxe4 1/2-1/2

[Event "9th European team championship"]
[Site "Haifa"]
[Date "1989.??.??"]
[Round "3"]
[White "Morris, Charles"]
[Black "Dutreeuw, Marc"]
[Result "1-0"]
[WhiteElo "2205"]
[WhiteTeam "Wales"]
[BlackElo "2400"]
[BlackTitle "FM"]
[BlackTeam "Belgium"]
[Board "3"]
[Source "OlimpBase"]
[EventDate "1989.12.03"]
[PlyCount "109"]

1. c4 e6 2. Nf3 d5 3. d4 Nf6 4. Nc3 Be7 5. Bg5 h6 6. Bxf6 Bxf6 7. e3 O-O
8. Rc1 c6 9. Bd3 Nd7 10. O-O dxc4 11. Bxc4 e5 12. Bb3 Re8 13. h3 exd4 14. exd4
Nb6 15. Re1 Bf5 16. Rxe8+ Qxe8 17. Qd2 Qb8 18. Re1 Qd6 19. Ne5 Bxe5 20. Rxe5
Bg6 21. Qe3 Rd8 22. d5 Kh7 23. h4 Nd7 24. Re7 Nf6 25. Qe5 Qb4 26. dxc6 Ng4
27. Qe2 bxc6 28. Rxa7 Qf4 29. g3 Qc1+ 30. Nd1 Nf6 31. Re7 Rd2 32. Qe1 Nd5
33. Re2 Rd4 34. Nc3 Qxe1+ 35. Rxe1 Nb4 36. Rd1 Rg4 37. Rd2 c5 38. a3 Nd3
39. Bc2 c4 40. b3 Ne5 41. Bd1 cxb3 42. Bxg4 Nxg4 43. Rd5 f6 44. Rb5 Bc2 45. Na4
Ne5 46. Nb2 Kg6 47. h5+ Kf7 48. f4 Nd7 49. a4 Ke6 50. a5 Kd6 51. a6 Kc7 52. a7
Be4 53. Nc4 Ba8 54. Rxb3 Kc6 55. Rb8 1-0

[Event "9th European team championship"]
[Site "Haifa"]
[Date "1989.??.??"]
[Round "3"]
[White "Vanderwaeren, Serge"]
[Black "Garwell, Jane"]
[Result "1-0"]
[WhiteElo "2335"]
[WhiteTeam "Belgium"]
[BlackElo "2180"]
[BlackTitle "WFM"]
[BlackTeam "Wales"]
[Board "6"]
[Source "OlimpBase"]
[EventDate "1989.12.03"]
[PlyCount "83"]

1. c4 Nf6 2. g3 e6 3. Bg2 d5 4. Nf3 c5 5. O-O Nc6 6. b3 Bd6 7. Bb2 O-O 8. cxd5
exd5 9. d4 Bg4 10. dxc5 Bxc5 11. Nc3 Re8 12. Rc1 a6 13. Nxd5 Bxf2+ 14. Rxf2
Qxd5 15. Qxd5 Nxd5 16. Ne5 Be6 17. Nxc6 bxc6 18. Rxc6 Rec8 19. Rxc8+ Rxc8
20. Be4 g6 21. Rf3 a5 22. a3 Kf8 23. Rd3 Rc2 24. Be5 Rxe2 25. Bd6+ Ne7 26. Bc6
Bf5 27. Rd5 Kg7 28. Bxe7 Rxe7 29. Rxa5 Re1+ 30. Kf2 Rb1 31. Bd5 Kf6 32. h4 Rb2+
33. Ke3 Bc2 34. Kd4 Bxb3 35. Kc3 Bxd5 36. Kxb2 Ke5 37. Kc3 Ke4 38. Rc5 f5
39. Kd2 Ba8 40. Ke2 Kd4 41. Rc7 h5 42. a4 1-0

[Event "9th European team championship"]
[Site "Haifa"]
[Date "1989.??.??"]
[Round "4"]
[White "Winants, Luc"]
[Black "Orr, Mark John Legard"]
[Result "1-0"]
[WhiteElo "2425"]
[WhiteTitle "IM"]
[WhiteTeam "Belgium"]
[BlackElo "2375"]
[BlackTitle "IM"]
[BlackTeam "Ireland"]
[Board "1"]
[Source "OlimpBase"]
[EventDate "1989.12.03"]
[PlyCount "75"]

1. d4 Nf6 2. c4 e6 3. Nc3 d5 4. Bg5 Be7 5. e3 O-O 6. Nf3 Nbd7 7. Rc1 c6 8. Bd3
dxc4 9. Bxc4 b5 10. Bd3 Bb7 11. O-O Rc8 12. a3 a5 13. Bxf6 Nxf6 14. Ne4 c5
15. Nxc5 Bxc5 16. dxc5 Bxf3 17. gxf3 Qd5 18. Bxb5 Qg5+ 19. Kh1 Rxc5 20. Rxc5
Qxc5 21. Be2 Qb6 22. Qc2 Rb8 23. Rb1 Nd5 24. Bd3 g6 25. Be4 Qb5 26. Qd3 Qc5
27. Bxd5 exd5 28. Qd2 a4 29. Rc1 Qb5 30. Qd4 Qd7 31. Kg2 Qd8 32. Qe5 Rb7
33. Rc5 Rd7 34. Rb5 Rd6 35. Rb7 f6 36. Qd4 Rd7 37. Rb4 Kg7 38. Rxa4 1-0

[Event "9th European team championship"]
[Site "Haifa"]
[Date "1989.??.??"]
[Round "4"]
[White "Carton, Patrick"]
[Black "Dutreeuw, Marc"]
[Result "1/2-1/2"]
[WhiteElo "2275"]
[WhiteTeam "Ireland"]
[BlackElo "2400"]
[BlackTitle "FM"]
[BlackTeam "Belgium"]
[Board "2"]
[Source "OlimpBase"]
[EventDate "1989.12.03"]
[PlyCount "83"]

1. d4 d5 2. c4 dxc4 3. Nf3 Nf6 4. Nc3 c5 5. e3 e6 6. Bxc4 a6 7. O-O b5 8. Be2
Bb7 9. b3 Nc6 10. dxc5 Qc7 11. Bb2 Bxc5 12. Rc1 Qe7 13. Qc2 Nb4 14. Qb1 O-O
15. a3 Nc6 16. b4 Bb6 17. Rfd1 Rfd8 18. Rxd8+ Rxd8 19. Rd1 Rd7 20. Rd3 Kf8
21. Rxd7 Qxd7 22. Qd3 Ke8 23. Qxd7+ Kxd7 24. Ng5 Nd8 25. a4 h6 26. Nf3 bxa4
27. Nxa4 Ba7 28. Kf1 Ne8 29. b5 Bxf3 30. gxf3 axb5 31. Bxb5+ Nc6 32. Ba3 Nc7
33. Bxc6+ Kxc6 34. Nc3 h5 35. Ne4 f5 36. Ng5 Kd7 37. f4 Nb5 38. Bb2 g6 39. Nf3
Bb8 40. h4 Bd6 41. Bd4 Ke7 42. Be5 1/2-1/2

[Event "9th European team championship"]
[Site "Haifa"]
[Date "1989.??.??"]
[Round "4"]
[White "Geenen, Marc"]
[Black "Allen, Keith Henry Burton"]
[Result "1/2-1/2"]
[WhiteElo "2290"]
[WhiteTitle "FM"]
[WhiteTeam "Belgium"]
[BlackElo "2320"]
[BlackTeam "Ireland"]
[Board "3"]
[Source "OlimpBase"]
[EventDate "1989.12.03"]
[PlyCount "41"]

1. e4 e5 2. Nc3 Nf6 3. g3 d5 4. exd5 Nxd5 5. Bg2 Nxc3 6. bxc3 Bd6 7. Nf3 O-O
8. O-O Nd7 9. Re1 c6 10. d4 exd4 11. cxd4 Nb6 12. Qd3 h6 13. Rb1 Be6 14. a4 Bd5
15. Bh3 Ba2 16. Ra1 Bc4 17. Qc3 Bd5 18. a5 Nc4 19. Nd2 Nxd2 20. Bxd2 b5
21. axb6 1/2-1/2

[Event "9th European team championship"]
[Site "Haifa"]
[Date "1989.??.??"]
[Round "4"]
[White "Hynes, Kilian"]
[Black "Pergericht, Daniel"]
[Result "0-1"]
[WhiteElo "2235"]
[WhiteTeam "Ireland"]
[BlackElo "2325"]
[BlackTitle "FM"]
[BlackTeam "Belgium"]
[Board "4"]
[Source "OlimpBase"]
[EventDate "1989.12.03"]
[PlyCount "100"]

1. d4 d5 2. c4 c6 3. Nf3 Nf6 4. Nc3 dxc4 5. a4 Bf5 6. e3 e6 7. Bxc4 Bb4 8. O-O
Nbd7 9. Nh4 Bg6 10. f4 O-O 11. Nf3 Be7 12. Ne5 c5 13. Nxg6 hxg6 14. dxc5 Nxc5
15. Qe2 Rc8 16. Bd2 Nfe4 17. Nxe4 Nxe4 18. Rad1 Qb6 19. Bc1 Bf6 20. Kh1 Rfd8
21. Rxd8+ Rxd8 22. Qc2 Qc6 23. Bd3 Rxd3 24. Qxd3 Qxc1 25. Rxc1 Nf2+ 26. Kg1
Nxd3 27. Rc8+ Kh7 28. Rc7 a5 29. Rxb7 Nxb2 30. Rb5 Bc3 31. Rb3 Nd1 32. e4 Bb4
33. Rd3 Nc3 34. Rd7 f6 35. e5 fxe5 36. fxe5 Nxa4 37. Rc7 Nc5 38. Kf2 Nd3+
39. Ke3 Nxe5 40. Kf4 Bd6 41. Rb7 Nd7+ 42. Kg5 Nc5 43. Ra7 Ne4+ 44. Kg4 Bb4
45. Kf4 Nc5 46. g4 Bc3 47. g5 a4 48. h4 Bb2 49. Kg4 a3 50. h5 Nd3 0-1

[Event "9th European team championship"]
[Site "Haifa"]
[Date "1989.??.??"]
[Round "4"]
[White "Goormachtigh, Johan"]
[Black "Ludgate, Alan"]
[Result "1/2-1/2"]
[WhiteElo "2300"]
[WhiteTitle "FM"]
[WhiteTeam "Belgium"]
[BlackElo "2255"]
[BlackTeam "Ireland"]
[Board "5"]
[Source "OlimpBase"]
[EventDate "1989.12.03"]
[PlyCount "42"]

1. d4 g6 2. c4 Bg7 3. Nc3 d6 4. e4 Nd7 5. Nf3 e5 6. Bg5 f6 7. Be3 Ne7 8. h4 h5
9. Qd2 exd4 10. Nxd4 Ne5 11. O-O-O Bd7 12. Be2 N7c6 13. Nxc6 Bxc6 14. f4 Ng4
15. Bxg4 hxg4 16. Nd5 Qd7 17. Bd4 Bxd5 18. exd5 Kf7 19. Qc2 Rae8 20. g3 f5
21. Bxg7 Kxg7 1/2-1/2

[Event "9th European team championship"]
[Site "Haifa"]
[Date "1989.??.??"]
[Round "5"]
[White "Meulders, Richard"]
[Black "Arlandi, Ennio"]
[Result "1/2-1/2"]
[WhiteElo "2330"]
[WhiteTitle "FM"]
[WhiteTeam "Belgium"]
[BlackElo "2395"]
[BlackTitle "IM"]
[BlackTeam "Italy"]
[Board "2"]
[Source "OlimpBase"]
[EventDate "1989.12.03"]
[PlyCount "22"]

1. d4 d5 2. c4 e6 3. Nc3 Nf6 4. cxd5 exd5 5. Bg5 Be7 6. e3 O-O 7. Bd3 Re8
8. Qc2 h6 9. Bh4 c5 10. Nge2 b6 11. O-O Nfd7 1/2-1/2

[Event "9th European team championship"]
[Site "Haifa"]
[Date "1989.??.??"]
[Round "5"]
[White "Tatai, Stefano"]
[Black "Geenen, Marc"]
[Result "1-0"]
[WhiteElo "2385"]
[WhiteTitle "IM"]
[WhiteTeam "Italy"]
[BlackElo "2290"]
[BlackTitle "FM"]
[BlackTeam "Belgium"]
[Board "3"]
[Source "OlimpBase"]
[EventDate "1989.12.03"]
[PlyCount "127"]

1. Nf3 Nc6 2. e4 e5 3. Bb5 Nf6 4. O-O Bc5 5. c3 O-O 6. d4 Bb6 7. Bg5 h6 8. Bh4
d6 9. Qd3 Qe7 10. Nbd2 Bg4 11. Rfe1 Nb8 12. Nc4 c6 13. Ba4 Bc7 14. Ne3 Be6
15. Nf5 Bxf5 16. exf5 Nbd7 17. dxe5 dxe5 18. Bc2 Rfe8 19. Nd2 Qd6 20. Qxd6 Bxd6
21. Nc4 Bc7 22. Rad1 Nd5 23. Ne3 N7b6 24. Bb3 Bd8 25. Nxd5 Nxd5 26. Bg3 f6
27. Bxd5+ cxd5 28. Rxd5 Re7 29. Red1 Bb6 30. Kf1 Rc8 31. Rd7 Kf7 32. Rxe7+ Kxe7
33. Rd5 a6 34. Ke2 Ba7 35. f3 b5 36. Be1 Rc4 37. b3 Rc8 38. Kd3 Bg1 39. h3 h5
40. Bd2 Rc6 41. Bc1 b4 42. c4 Rd6 43. Rxd6 Kxd6 44. g4 hxg4 45. hxg4 Bb6 46. g5
Bd8 47. g6 Be7 48. a3 a5 49. axb4 axb4 50. f4 exf4 51. Bxf4+ Kc6 52. Be3 Bd6
53. Bd4 Bf8 54. c5 Kd5 55. c6 Kxc6 56. Kc4 Be7 57. Be3 Bd6 58. Bd2 Bc5 59. Bxb4
Be3 60. Bf8 Bh6 61. b4 Kd7 62. Kd5 Ke8 63. Bd6 Bd2 64. Kc6 1-0

[Event "9th European team championship"]
[Site "Haifa"]
[Date "1989.??.??"]
[Round "5"]
[White "Vanderwaeren, Serge"]
[Black "Lanzani, Mario"]
[Result "1/2-1/2"]
[WhiteElo "2335"]
[WhiteTeam "Belgium"]
[BlackElo "2310"]
[BlackTitle "FM"]
[BlackTeam "Italy"]
[Board "6"]
[Source "OlimpBase"]
[EventDate "1989.12.03"]
[PlyCount "35"]

1. c4 e5 2. Nc3 d6 3. g3 f5 4. d4 e4 5. Nh3 g6 6. Bg5 Nf6 7. Nf4 Bg7 8. h4 c6
9. h5 Kf7 10. Qd2 Na6 11. O-O-O Nc7 12. f3 exf3 13. e4 Ne6 14. hxg6+ hxg6
15. Rxh8 Qxh8 16. Nxe6 Bxe6 17. d5 cxd5 18. e5 1/2-1/2

[Event "9th European team championship"]
[Site "Haifa"]
[Date "1989.??.??"]
[Round "6"]
[White "Vanderwaeren, Serge"]
[Black "Mohr, Stefan"]
[Result "0-1"]
[WhiteElo "2335"]
[WhiteTeam "Belgium"]
[BlackElo "2485"]
[BlackTitle "GM"]
[BlackTeam "West Germany"]
[Board "6"]
[Source "OlimpBase"]
[EventDate "1989.12.03"]
[PlyCount "90"]

1. c4 e5 2. Nc3 d6 3. g3 g6 4. Bg2 Bg7 5. Nf3 Nc6 6. O-O f5 7. d3 Nf6 8. Rb1
a5 9. a3 O-O 10. b4 axb4 11. axb4 h6 12. b5 Ne7 13. Bb2 Be6 14. Ra1 Rb8 15. Ra7
Qd7 16. Na2 f4 17. Nb4 Bh3 18. Qd2 g5 19. Kh1 Ng6 20. Rg1 Bxg2+ 21. Rxg2 g4
22. Ne1 h5 23. Ra1 Rf7 24. d4 Ne4 25. Qc2 fxg3 26. Qxe4 gxf2 27. Rxf2 Rxf2
28. Qxg6 Rxe2 29. dxe5 Rxb2 30. Ned3 Rxb4 31. Nxb4 Qe8 32. Qxe8+ Rxe8 33. Ra7
Rxe5 34. Rxb7 Re2 35. Rxc7 Bd4 36. Nd3 Rd2 37. Ne1 Rd1 38. Re7 Be5 39. b6 Rxe1+
40. Kg2 Rb1 41. c5 Kf8 42. cxd6 Bxd6 43. Re6 Rxb6 44. Rh6 Rb2+ 45. Kg1 Bc5+ 0-1

[Event "9th European team championship"]
[Site "Haifa"]
[Date "1989.??.??"]
[Round "7"]
[White "Winants, Luc"]
[Black "Yılmaz, Turham"]
[Result "1/2-1/2"]
[WhiteElo "2425"]
[WhiteTitle "IM"]
[WhiteTeam "Belgium"]
[BlackElo "2325"]
[BlackTeam "Turkey"]
[Board "1"]
[Source "OlimpBase"]
[EventDate "1989.12.03"]
[PlyCount "59"]

1. d4 f5 2. Nc3 Nf6 3. Bg5 d5 4. Bxf6 exf6 5. e3 c6 6. Bd3 Be6 7. Qf3 g6 8. h3
h5 9. g4 hxg4 10. hxg4 fxg4 11. Bxg6+ Kd7 12. Qg2 Rxh1 13. Qxh1 Bd6 14. Nge2
Na6 15. Kd2 Qh8 16. Ng3 Qh3 17. Nce2 Rh8 18. Nf4 Qh6 19. Qxh6 Rxh6 20. Bd3 Nc7
21. Rh1 Rxh1 22. Nxh1 Ne8 23. Nh5 Ke7 24. N1g3 Bxg3 25. Nxg3 Nd6 26. Ke1 f5
27. Nh5 Bf7 28. Nf4 Kf6 29. Bf1 Nb5 30. Ng2 {(...)} 1/2-1/2

[Event "9th European team championship"]
[Site "Haifa"]
[Date "1989.??.??"]
[Round "7"]
[White "Öney, Feridun"]
[Black "Meulders, Richard"]
[Result "1-0"]
[WhiteElo "2285"]
[WhiteTeam "Turkey"]
[BlackElo "2330"]
[BlackTitle "FM"]
[BlackTeam "Belgium"]
[Board "2"]
[Source "OlimpBase"]
[EventDate "1989.12.03"]
[PlyCount "127"]

1. d4 f5 2. g3 Nf6 3. Bg2 g6 4. c3 Bg7 5. Qb3 c6 6. Nd2 d5 7. Nh3 Ng4 8. Nf3
Qb6 9. O-O Be6 10. Nf4 Bf7 11. Ng5 Nd7 12. Nxf7 Qxb3 13. Nd6+ exd6 14. axb3 Nb6
15. Ne6 Kf7 16. Nxg7 Kxg7 17. Bf4 Rhd8 18. Rfc1 h6 19. h4 Nf6 20. c4 Nh5
21. Bd2 dxc4 22. bxc4 d5 23. b3 Nf6 24. Ba5 dxc4 25. bxc4 Re8 26. e3 Nbd7
27. Rcb1 b6 28. Be1 Ne4 29. Ra6 Nb8 30. Ra2 Nd7 31. Ra6 Nb8 32. Ra2 Nd7 33. Bf1
a5 34. f3 Nef6 35. Kf2 Re7 36. Bd2 Rae8 37. Bd3 Kf7 38. Rg1 h5 39. Re1 Kg8
40. Bc3 Rf8 41. Kg2 c5 42. Bd2 Rfe8 43. Kf2 Rf8 44. Kg2 Rfe8 45. Kf2 Rf8
46. Bc2 Kh7 47. Ba4 Rc8 48. Rc2 Nb8 49. Rb1 Nbd7 50. Bc1 Kg7 51. Ba3 Re6
52. Bb2 cxd4 53. exd4 Rd6 54. d5 Nc5 55. Ba3 Nd3+ 56. Ke2 Nc5 57. Bc6 Rcxc6
58. dxc6 Re6+ 59. Kf1 Rxc6 60. Bxc5 Rxc5 61. Rxb6 Nd5 62. Rb7+ Kf6 63. Kf2 f4
64. Rb5 1-0